| 000 | 00751nam a2200205 i 4500 | ||
|---|---|---|---|
| 001 | 85758 | ||
| 003 | ES-MaACL | ||
| 005 | 20250808062724.0 | ||
| 007 | t| | ||
| 008 | 041201s1979 sp ||||1| spa d | ||
| 100 | 0 |
_aJuan Pablo _bII _cPapa, Santo. _9162513 |
|
| 245 | 1 | 0 |
_aSigno de contradicción _b: meditaciones / _cJuan Pablo II, Papa ; [traducción: Vicente Manuel Fernández Hernández]. |
| 260 |
_aMadrid : _b[Edica, _c1979] ( _eHospitalet de Llobregat : _fRamón Sopena) |
||
| 300 |
_aXVIII, 264 p. ; _c18 cm. |
||
| 490 | 1 | _aBiblioteca de autores cristianos | |
| 700 | 1 |
_aFernández Hernández, Vicente Manuel. _949846 |
|
| 830 | 0 | 0 |
_aBiblioteca de autores cristianos _9178679 |
| 852 |
_aES-MaACL _jA-9678 _bR.98869 |
||
| 999 |
_c85758 _d85758 |
||